| 000 | 00435nam a2200157 i 4500 | ||
|---|---|---|---|
| 001 | 84725 | ||
| 003 | ES-MaACL | ||
| 005 | 20230906175101.0 | ||
| 007 | t| | ||
| 008 | 041123s1931 xxk ||||1| eng d | ||
| 100 | 1 |
_aJennings, William Ivor. _966307 |
|
| 245 | 1 | 0 |
_aPrinciples of local government law / _cby W. Ivor Jennings. |
| 260 |
_aLondon : _bUniversity Press, _c1931. |
||
| 300 |
_a263 p. ; _c19 cm. |
||
| 852 |
_aES-MaACL _jB-12900 |
||
| 999 |
_c84725 _d84725 |
||